00268pab a2200097 454500008003600000100001600036245008000052650000800132650001200140773001800152180718b xxu||||| |||| 00| 0 eng d aFaruqi, M.A aDrought or drought-like conditions prevailing in U.P. decennial observation a UP aDrought aCivic Affairs